• AIU
  • Tony Wilmot Memorial Library

Literacy / (Record no. 63954)

MARC details
000 -LEADER
fixed length control field 00921nam a2200301 a 4500
001 - CONTROL NUMBER
control field 2533331
005 - DATE AND TIME OF LATEST TRANSACTION
control field 20170619150146.0
008 - FIXED-LENGTH DATA ELEMENTS--GENERAL INFORMATION
fixed length control field 930823s1993 enka b 001 0 eng d
010 ## - LIBRARY OF CONGRESS CONTROL NUMBER
LC control number 93195311
020 ## - INTERNATIONAL STANDARD BOOK NUMBER
International Standard Book Number 1853461970
035 ## - SYSTEM CONTROL NUMBER
System control number (OCoLC)28435249
040 ## - CATALOGING SOURCE
Original cataloging agency ViNeC
Transcribing agency ViNeC
Modifying agency DLC
042 ## - AUTHENTICATION CODE
Authentication code lccopycat
043 ## - GEOGRAPHIC AREA CODE
Geographic area code e-uk---
050 00 - LIBRARY OF CONGRESS CALL NUMBER
Classification number LB1576
Item number .J23 1993
082 00 - DEWEY DECIMAL CLASSIFICATION NUMBER
Classification number 372.6/0941
Edition number 20
100 1# - MAIN ENTRY--PERSONAL NAME
Personal name Jackson, Margaret.
245 10 - TITLE STATEMENT
Title Literacy /
Statement of responsibility, etc Margaret Jackson.
260 ## - PUBLICATION, DISTRIBUTION, ETC. (IMPRINT)
Place of publication, distribution, etc London :
Name of publisher, distributor, etc David Fulton Publishers,
Date of publication, distribution, etc 1993.
300 ## - PHYSICAL DESCRIPTION
Extent 170 p. :
Other physical details ill. ;
Dimensions 23 cm.
440 #0 - SERIES STATEMENT/ADDED ENTRY--TITLE
Title Primary curriculum series
650 #0 - SUBJECT ADDED ENTRY--TOPICAL TERM
Topical term or geographic name as entry element Language arts (Elementary)
Geographic subdivision Great Britain.
650 #0 - SUBJECT ADDED ENTRY--TOPICAL TERM
Topical term or geographic name as entry element Reading (Elementary)
Geographic subdivision Great Britain.
650 #0 - SUBJECT ADDED ENTRY--TOPICAL TERM
Topical term or geographic name as entry element Literacy
Geographic subdivision Great Britain.
906 ## - LOCAL DATA ELEMENT F, LDF (RLIN)
a 7
b cbc
c copycat
d 3
e ncip
f 19
g y-gencatlg
942 ## - ADDED ENTRY ELEMENTS (KOHA)
Source of classification or shelving scheme
Holdings
Withdrawn status Lost status Source of classification or shelving scheme Damaged status Not for loan Collection code Home library Current library Shelving location Date acquired Source of acquisition Cost, normal purchase price Total Checkouts Full call number Barcode Date last seen Copy number Price effective from Koha item type
    Library of Congress Classification     General Circulation AIU/NEGST - Tony Wilmot Memorial Library AIU/NEGST - Tony Wilmot Memorial Library General Stacks 06/21/2016 Donation - SIL Sudan 30.00   LB 1576.J23 1993 T00381W3232 09/30/2019 1 11/15/2018 Books